000 01102cam a22003377a 4500
003 CHAP
005 20220817041918.0
008 971013s1979 us a r 00010 eng d
010 _a28476
011 _a29448
035 _a33559
040 _cCHAP
082 0 4 _a632.9
_bK55
100 0 0 _aKnipling, E. F.
_963534
245 1 4 _aThe basic principles of insect population, suppression and management
260 _aWashington :
_bDepartment of Agriculture,
_c1979
300 _a659 p.
_b; gráfs.
490 0 _aUSDA. Agriculture handbook
_v; 512
590 _aBATCH-UPD
_b10
_c20130110
_lUCH01
_h1417
590 _aBATCH-UPD
_b10
_c20130410
_lUCH01
_h0901
590 _aBATCH-UPD
_b10
_c20130914
_lUCH01
_h1040
590 _aCONVERSION
_b10
_c20130109
_lUCH01
_h1316
650 1 4 _aControl de plagas.
_927595
650 1 4 _aEcología de insectos.
_935172
650 1 4 _aInsecticidas.
_958855
710 0 _aE.U.A. Department of Agriculture.
_934876
830 0 _aUSDA Agriculture handbook
_v; 512
901 _aBK
942 _cLIBRO
949 _a632.9 K55
_bBC
_cLIBRO
_d33724000183018
_eLIBRO
_h32143
_i33559
_si
999 _c28476
_d28476